[Event "CAMPEONATO PANAMERICANO-CONTINENTAL ABSOLUTO 2010"
[Site "Cali, Departamento del Valle del Cauca"]
[Date "2010.11.17"]
[Round "1"]
[Board "1"]
[White "Rodriguez Vila, Andres"]
[Black "Torres, Jose Arturo"]
[Result "1/2-1/2"]
[WhiteElo "2556"]
[BlackElo "2202"]
[PlyCount "83"]
[EventDate "2010.11.17"]
[EventRounds "9"]
[EventCountry "COL"]

1.f4 Nf6 2.Nf3 g6 3.g3 Bg7 4.Bg2 O-O 5.O-O c5 6.d3 Nc6 7.e4 d6 8.c3 Rb8 9.a4 a6
10.Qe1 b5 11.axb5 axb5 12.h3 b4 13.g4 bxc3 14.bxc3 Ne8 15.f5 e6 16.fxg6 fxg6
17.Be3 Nc7 18.Ra2 Ba6 19.c4 Nb4 20.Rd2 e5 21.Nc3 Ne6 22.Nd5 Nxd5 23.exd5 Nf4
24.Bxf4 Rxf4 25.Ra2 Bc8 26.Nd2 Rxf1+ 27.Qxf1 Bh6 28.Ne4 Bf4 29.Ra7 Rb7 30.Ra8
Kg7 31.Qa1 Rf7 32.Qa5 Qf8 33.Kh1 h6 34.Qe1 Qd8 35.Qa1 Be3 36.Nxd6 Qxd6 37.Rxc8
Bd4 38.Qa8 Qf6 39.d6 Qf2 40.Rg8+ Kh7 41.Rh8+ Kg7 42.Rg8+

[Event "CAMPEONATO PANAMERICANO-CONTINENTAL ABSOLUTO 2010"
[Site "Cali, Departamento del Valle del Cauca"]
[Date "2010.11.17"]
[Round "1"]
[Board "1"]
[White "Renteria, Rolando"]
[Black "Ortiz Suarez, Isan Reynaldo"]
[Result "0-1"]
[WhiteElo "2201"]
[BlackElo "2543"]
[PlyCount "120"]
[EventDate "2010.11.17"]
[EventRounds "9"]
[EventCountry "COL"]

1.e4 c5 2.Nf3 d6 3.d4 cxd4 4.Nxd4 Nf6 5.Nc3 a6 6.Bg5 Nbd7 7.f3 Qc7 8.Qd2 b5
9.O-O-O e6 10.Bd3 Rb8 11.Kb1 Be7 12.Rhe1 O-O 13.f4 b4 14.Nce2 Nc5 15.Bxf6 Bxf6
16.g4 Na4 17.Qe3 Qc5 18.e5 dxe5 19.g5 Bxg5 20.fxg5 exd4 21.Nxd4 g6 22.h4 Rd8
23.Nb3 Qxe3 24.Rxe3 Bb7 25.Kc1 Rbc8 26.Rd2 Nc5 27.Nxc5 Rxc5 28.Be4 Rxd2 29.Kxd2
Bd5 30.a3 bxa3 31.bxa3 h6 32.Bd3 hxg5 33.hxg5 Bc4 34.Rg3 Rd5 35.Rg4 Bxd3 36.cxd3
Kf8 37.Kc3 Ke7 38.Kc4 Kd6 39.d4 Ra5 40.Kb4 Rf5 41.a4 Kc6 42.Kc4 a5 43.Rg1 Rf3
44.Ra1 Rf2 45.Re1 Rb2 46.Rf1 Rb7 47.Rf6 Kd6 48.Rf1 Rb4+ 49.Kd3 Ke7 50.Ra1 e5
51.dxe5 Rg4 52.Rb1 Rxa4 53.Rb6 Rg4 54.Ra6 a4 55.Ke3 Rxg5 56.Kf4 Rh5 57.Ke4 Rh1
58.Ra7+ Kf8 59.Kd5 Rd1+ 60.Ke4 Ra1

[Event "CAMPEONATO PANAMERICANO-CONTINENTAL ABSOLUTO 2010"
[Site "Cali, Departamento del Valle del Cauca"]
[Date "2010.11.17"]
[Round "1"]
[Board "1"]
[White "Barrientos, Sergio E"]
[Black "Beltran, Carlos Armando"]
[Result "1-0"]
[WhiteElo "2516"]
[BlackElo "2194"]
[PlyCount "91"]
[EventDate "2010.11.17"]
[EventRounds "9"]
[EventCountry "COL"]

1.e4 g6 2.d4 Bg7 3.Nf3 c5 4.Nc3 cxd4 5.Nxd4 Nc6 6.Nb3 Nf6 7.Be2 O-O 8.O-O d6
9.Bg5 Be6 10.f4 b5 11.Bf3 Rc8 12.Kh1 Bc4 13.Re1 Nd7 14.Rb1 Nc5 15.Nd5 Ne6 16.Bh4
Re8 17.c3 a5 18.Nc1 b4 19.b3 Ba6 20.c4 Ned4 21.Bg4 Rb8 22.Rf1 h6 23.Ne2 Bc8
24.Nxd4 Nxd4 25.Bxc8 Rxc8 26.Qg4 Nc6 27.Rbd1 Rb8 28.Rd3 Qc8 29.Qe2 Kh8 30.Rg3
Rb7 31.f5 Ne5 32.Nf4 Kh7 33.Rh3 Rh8 34.Nd5 Bf8 35.Bg5 Kg8 36.Bc1 Bg7 37.Bb2 h5
38.c5 dxc5 39.fxg6 fxg6 40.Rg3 Kh7 41.Bxe5 Bxe5 42.Rf7+ Kg8 43.Rxe7 Bxg3 44.Qa6
Rh6 45.Rxb7 Be5 46.Ne7+

[Event "CAMPEONATO PANAMERICANO-CONTINENTAL ABSOLUTO 2010"
[Site "Cali, Departamento del Valle del Cauca"]
[Date "2010.11.17"]
[Round "1"]
[Board "1"]
[White "Fandino Reyes, Roquelina"]
[Black "Cori, Jorge"]
[Result "0-1"]
[WhiteElo "2177"]
[BlackElo "2502"]
[PlyCount "76"]
[EventDate "2010.11.17"]
[EventRounds "9"]
[EventCountry "COL"]

1.e4 e5 2.Nf3 Nc6 3.Bb5 a6 4.Ba4 Nf6 5.O-O Be7 6.Re1 b5 7.Bb3 d6 8.a4 Bg4 9.c3
Na5 10.Bc2 c5 11.d3 O-O 12.Nbd2 Re8 13.Nf1 Bf8 14.Bg5 h6 15.Bh4 Bh5 16.Ne3 g5
17.Bg3 Bg6 18.h3 b4 19.Nd2 bxc3 20.bxc3 d5 21.Rb1 Rc8 22.Bh2 d4 23.cxd4 cxd4
24.Nec4 Nxc4 25.Nxc4 Nxe4 26.dxe4 Rxc4 27.Bd3 Rc6 28.Re2 Qa5 29.Reb2 Rec8 30.Bg3
Ba3 31.Rb8 Rxb8 32.Rxb8+ Kg7 33.Kh2 Rc1 34.Qe2 Bd6 35.Ra8 Qc3 36.f3 Qa1 37.Bf2
Rh1+ 38.Kg3 Qc1

[Event "CAMPEONATO PANAMERICANO-CONTINENTAL ABSOLUTO 2010"
[Site "Cali, Departamento del Valle del Cauca"]
[Date "2010.11.17"]
[Round "1"]
[Board "1"]
[White "Perez Rodriguez, Luis Manuel"]
[Black "Condori, Edwin"]
[Result "1/2-1/2"]
[WhiteElo "2483"]
[BlackElo "2171"]
[PlyCount "65"]
[EventDate "2010.11.17"]
[EventRounds "9"]
[EventCountry "COL"]

1.e4 c6 2.d4 d5 3.Nc3 dxe4 4.Nxe4 Nd7 5.Ng5 Ngf6 6.Bd3 e6 7.N1f3 Bd6 8.Qe2 h6
9.Ne4 Nxe4 10.Qxe4 Qc7 11.O-O b6 12.Qg4 Kf8 13.Re1 Bb7 14.Bd2 c5 15.dxc5 bxc5
16.Bc3 Nf6 17.Qh3 Nd5 18.Be5 Nf4 19.Bxf4 Bxf4 20.Be4 Rd8 21.g3 Bd6 22.Ng5 Be7
23.Nxf7 Kxf7 24.Bxb7 Qxb7 25.Qxe6+ Kf8 26.Rad1 Rd4 27.Rxd4 cxd4 28.Re4 h5
29.Qf5+ Ke8 30.Qg6+ Kf8 31.Qf5+ Ke8 32.Rxd4 Rh6 33.Rc4

[Event "CAMPEONATO PANAMERICANO-CONTINENTAL ABSOLUTO 2010"
[Site "Cali, Departamento del Valle del Cauca"]
[Date "2010.11.17"]
[Round "1"]
[Board "1"]
[White "Alvarez, Javier"]
[Black "Lima, Darcy"]
[Result "0-1"]
[WhiteElo "2160"]
[BlackElo "2482"]
[PlyCount "48"]
[EventDate "2010.11.17"]
[EventRounds "9"]
[EventCountry "COL"]

1.e4 Nf6 2.e5 Nd5 3.d4 d6 4.c4 Nb6 5.exd6 exd6 6.Be3 g6 7.Nc3 Bg7 8.Rc1 O-O
9.Be2 d5 10.b3 Be6 11.c5 Nc8 12.h3 Nc6 13.Nf3 N8e7 14.Bg5 h6 15.Bf4 Nf5 16.Be5
Nxe5 17.dxe5 Nh4 18.O-O Nxf3+ 19.Bxf3 c6 20.Qd2 Qg5 21.Qxg5 hxg5 22.Rfe1 Rfe8
23.Re2 Re7 24.Rce1 Rae8

[Event "CAMPEONATO PANAMERICANO-CONTINENTAL ABSOLUTO 2010"
[Site "Cali, Departamento del Valle del Cauca"]
[Date "2010.11.17"]
[Round "1"]
[Board "1"]
[White "Zapata, Alonso"]
[Black "Buitrago, Juan Carlos"]
[Result "1/2-1/2"]
[WhiteElo "2482"]
[BlackElo "2160"]
[PlyCount "82"]
[EventDate "2010.11.17"]
[EventRounds "9"]
[EventCountry "COL"]

1.e4 e5 2.Nf3 Nc6 3.Bb5 a6 4.Bxc6 dxc6 5.O-O f6 6.d4 Bg4 7.dxe5 Qxd1 8.Rxd1 fxe5
9.Rd3 Bd6 10.Bg5 Nf6 11.Bxf6 gxf6 12.Nbd2 O-O-O 13.Rd1 Be7 14.Nf1 Rxd3 15.Rxd3
Rd8 16.Rxd8+ Kxd8 17.Ne3 Be6 18.a3 b5 19.Kf1 a5 20.Ke2 a4 21.Nd2 Bc5 22.g3 Bd4
23.c3 Bc5 24.f4 Bd6 25.Kf3 Ke8 26.h4 h5 27.Ndf1 Kf8 28.f5 Bf7 29.Nc2 c5 30.Nfe3
c4 31.Nb4 Bxb4 32.cxb4 c6 33.Nd1 Be8 34.Nc3 Kg7 35.Ke3 Kf8 36.Kd2 Kg7 37.Nd1 Kf8
38.Ne3 Kg7 39.Ke2 Bf7 40.Kf3 Be8 41.Nd1 Bf7

[Event "CAMPEONATO PANAMERICANO-CONTINENTAL ABSOLUTO 2010"
[Site "Cali, Departamento del Valle del Cauca"]
[Date "2010.11.17"]
[Round "1"]
[Board "1"]
[White "Munoz, Julian Andres"]
[Black "Escobar Forero, Alder"]
[Result "1-0"]
[WhiteElo "2158"]
[BlackElo "2456"]
[PlyCount "81"]
[EventDate "2010.11.17"]
[EventRounds "9"]
[EventCountry "COL"]

1.d4 d5 2.Nf3 Nf6 3.e3 c5 4.c3 e6 5.Bd3 Nc6 6.Ne5 cxd4 7.exd4 Nxe5 8.dxe5 Nd7
9.Qe2 Qc7 10.f4 Nc5 11.Bc2 b6 12.Na3 a6 13.O-O Be7 14.Be3 b5 15.Nb1 Na4 16.Bd3
Bd7 17.b3 Nxc3 18.Nxc3 Qxc3 19.Rac1 Qa5 20.Qf2 Rc8 21.Rxc8+ Bxc8 22.Rc1 Bd7
23.Bb6 Qb4 24.g3 O-O 25.Rc7 Be8 26.Ra7 f6 27.exf6 Bxf6 28.Qe3 Bf7 29.Kg2 Re8
30.Rxa6 d4 31.Qe2 Qd6 32.Bxb5 Rb8 33.Qc4 Rxb6 34.Qc8+ Bd8 35.Ra8 Qd5+ 36.Kf2 Rd6
37.Bc4 Qe4 38.Qxd8+ Rxd8 39.Rxd8+ Be8 40.Rxe8+ Kf7 41.Rxe6

[Event "CAMPEONATO PANAMERICANO-CONTINENTAL ABSOLUTO 2010"
[Site "Cali, Departamento del Valle del Cauca"]
[Date "2010.11.17"]
[Round "1"]
[Board "1"]
[White "Arenas, David"]
[Black "Salazar, Aura Cristina"]
[Result "1-0"]
[WhiteElo "2443"]
[BlackElo "2150"]
[PlyCount "39"]
[EventDate "2010.11.17"]
[EventRounds "9"]
[EventCountry "COL"]

1.e4 c5 2.Nf3 d6 3.d4 cxd4 4.Nxd4 Nf6 5.Nc3 g6 6.Be3 Bg7 7.Be2 O-O 8.Qd2 Nc6
9.O-O-O Bd7 10.Kb1 Nxd4 11.Bxd4 b5 12.Bf3 Rc8 13.Nd5 Nxd5 14.Bxg7 Kxg7 15.exd5
Bf5 16.Rc1 h5 17.h3 Rh8 18.g4 hxg4 19.hxg4 Bd7 20.Rxh8

[Event "CAMPEONATO PANAMERICANO-CONTINENTAL ABSOLUTO 2010"
[Site "Cali, Departamento del Valle del Cauca"]
[Date "2010.11.17"]
[Round "1"]
[Board "1"]
[White "Molina, Roberto Junio Brito"]
[Black "Orozco, Lina Yomayra"]
[Result "1-0"]
[WhiteElo "2401"]
[BlackElo "2137"]
[PlyCount "163"]
[EventDate "2010.11.17"]
[EventRounds "9"]
[EventCountry "COL"]

1.d4 Nf6 2.c4 c5 3.d5 b5 4.cxb5 a6 5.bxa6 Bxa6 6.Nc3 d6 7.g3 g6 8.Bg2 Bg7 9.Nf3
Nbd7 10.Rb1 O-O 11.O-O Qc7 12.b3 Rfb8 13.Qc2 Nb6 14.Rd1 Bc8 15.h3 Qb7 16.e4 Nfd7
17.Bd2 Qa7 18.Bf1 Ba6 19.Bg2 Qc7 20.Rdc1 Ra7 21.a4 Na8 22.Bf1 Bxf1 23.Kxf1 Rab7
24.Nb5 Qd8 25.Kg2 Qf8 26.Be3 Nab6 27.Nd2 f5 28.f3 Qf6 29.Nc4 Ra8 30.Nxb6 Nxb6
31.h4 h6 32.Qe2 g5 33.hxg5 hxg5 34.Bd2 Qg6 35.exf5 Qxf5 36.Qe6+ Qxe6 37.dxe6 Bf6
38.Rh1 Nd5 39.Kf2 Rxb5 40.axb5 Nc7 41.Ke3 Nxe6 42.Ke4 Rb8 43.f4 gxf4 44.gxf4
Rxb5 45.Kd5 Nd4 46.Bc3 Kf7 47.Bxd4 cxd4+ 48.Kc6 Rb4 49.Rh5 d3 50.Rd5 Rxf4
51.Rxd3 Rb4 52.Rc1 Ke6 53.Re3+ Be5 54.Rh1 Kf5 55.Rf1+ Ke6 56.Rf8 d5 57.Rh8 Re4
58.Rhh3 Bf4 59.Rd3 d4 60.Kc5 Be5 61.Rh6+ Bf6 62.b4 Kd7 63.b5 Re1 64.Rb3 Kc7
65.Rg6 Rc1+ 66.Kd5 Kb6 67.Rg8 Rc5+ 68.Ke4 Re5+ 69.Kf4 Kb7 70.Rd8 Re1 71.Kf5 Re2
72.b6 Re5+ 73.Kg4 Re3 74.Rd7+ Kb8 75.Rb1 Re6 76.b7 Rd6 77.Rxd6 exd6 78.Kf5 Be5
79.Ke4 Bf6 80.Kd5 d3 81.Kc6 d2 82.Rg1

[Event "CAMPEONATO PANAMERICANO-CONTINENTAL ABSOLUTO 2010"
[Site "Cali, Departamento del Valle del Cauca"]
[Date "2010.11.17"]
[Round "1"]
[Board "1"]
[White "Cori T, Deysi"]
[Black "Herrera, Juan Sebastian"]
[Result "1-0"]
[WhiteElo "2384"]
[BlackElo "2125"]
[PlyCount "85"]
[EventDate "2010.11.17"]
[EventRounds "9"]
[EventCountry "COL"]

1.d4 d5 2.Nf3 Nf6 3.c4 c6 4.Qc2 g6 5.Bf4 Bf5 6.Qb3 Qb6 7.c5 Qxb3 8.axb3 Nbd7
9.Nc3 Bg7 10.b4 O-O 11.b5 Nh5 12.Be3 e5 13.Ra4 exd4 14.Bxd4 Bxd4 15.Rxd4 Ng7
16.g4 Be6 17.bxc6 bxc6 18.Na4 f5 19.h3 Rfb8 20.e3 Bf7 21.gxf5 Nxf5 22.Rf4 a5
23.Rg1 Rb4 24.Bd3 Ng7 25.Kd2 Ne6 26.Rxb4 axb4 27.Nb6 Nxb6 28.cxb6 Rb8 29.Ra1
Rxb6 30.Ra7 Nc5 31.Ne5 Be8 32.Re7 Rb8 33.Ng4 h5 34.Nf6+ Kf8 35.Rc7 Ne6 36.Ra7
Nc5 37.h4 Bf7 38.Rc7 Rb6 39.Nh7+ Ke8 40.f4 Ne6 41.Nf6+ Kf8 42.Nd7+ Kg7 43.Ra7

[Event "CAMPEONATO PANAMERICANO-CONTINENTAL ABSOLUTO 2010"
[Site "Cali, Departamento del Valle del Cauca"]
[Date "2010.11.17"]
[Round "1"]
[Board "1"]
[White "Ruiz C, Joshua D"]
[Black "Uribe, Mauricio"]
[Result "1/2-1/2"]
[WhiteElo "2107"]
[BlackElo "2381"]
[PlyCount "97"]
[EventDate "2010.11.17"]
[EventRounds "9"]
[EventCountry "COL"]

1.e4 e6 2.Qe2 c5 3.c3 Nc6 4.g3 d5 5.d3 dxe4 6.dxe4 Nf6 7.Bg2 e5 8.Be3 Be7 9.Nd2
h6 10.Ngf3 Ng4 11.Nc4 b5 12.h3 Be6 13.Rd1 Bxc4 14.Rxd8+ Rxd8 15.Qc2 Nxe3 16.fxe3
Bd3 17.Qc1 O-O 18.Nd2 c4 19.Kf2 Rd6 20.Rd1 Rg6 21.Bf3 Bc5 22.g4 Rd8 23.Nf1 Rgd6
24.Ng3 g6 25.h4 R6d7 26.h5 Be7 27.Kg2 Na5 28.Kh3 Kg7 29.Nh1 Nb7 30.Nf2 Nc5
31.Kg3 a5 32.Re1 Bg5 33.Rd1 Rd6 34.Re1 gxh5 35.gxh5 f5 36.exf5 Bxf5 37.Re2 Bd3
38.Re1 Bh7 39.Re2 Nd3 40.Qg1 Nxf2 41.Qxf2 Bd3 42.Re1 e4 43.Bg4 Rf8 44.Qh2 Rdf6
45.Kh3 Rf2 46.Qe5+ Kh7 47.Qxb5 R2f3+ 48.Kh2 Rf2+ 49.Kh3

[Event "CAMPEONATO PANAMERICANO-CONTINENTAL ABSOLUTO 2010"
[Site "Cali, Departamento del Valle del Cauca"]
[Date "2010.11.17"]
[Round "1"]
[Board "1"]
[White "Garcia, Gildardo"]
[Black "Prieto, Ernesto"]
[Result "1/2-1/2"]
[WhiteElo "2378"]
[BlackElo "2102"]
[PlyCount "86"]
[EventDate "2010.11.17"]
[EventRounds "9"]
[EventCountry "COL"]

1.e4 e5 2.Nf3 Nc6 3.d4 exd4 4.Nxd4 Nf6 5.Nxc6 bxc6 6.e5 Ne4 7.Bd3 Nc5 8.Be2 Be7
9.O-O O-O 10.Be3 d6 11.exd6 cxd6 12.c4 Rb8 13.Qc2 Bf6 14.Nc3 Qa5 15.Rad1 Bxc3
16.bxc3 Na4 17.Bf3 Bf5 18.Qd2 Nb2 19.Ra1 Nxc4 20.Qd4 Ne5 21.Be2 Rb2 22.Rfe1 Rd8
23.Qxa7 Qxa7 24.Bxa7 Ra8 25.Bd4 Raxa2 26.c4 Rxa1 27.Rxa1 Rb1+ 28.Rxb1 Bxb1 29.c5
f6 30.f4 Nd7 31.cxd6 Kf7 32.Bc4+ Ke8 33.Be6 Be4 34.Kf2 Bd5 35.Bf5 g6 36.Bd3 f5
37.g4 fxg4 38.Kg3 Kf7 39.f5 c5 40.Bc3 Nf6 41.Kf4 gxf5 42.Bxf5 Bc6 43.Ke5 Nd7+

[Event "CAMPEONATO PANAMERICANO-CONTINENTAL ABSOLUTO 2010"
[Site "Cali, Departamento del Valle del Cauca"]
[Date "2010.11.17"]
[Round "1"]
[Board "1"]
[White "Heredia Serrano, Carla"]
[Black "Arias, Lemmys A"]
[Result "0-1"]
[WhiteElo "2087"]
[BlackElo "2352"]
[PlyCount "112"]
[EventDate "2010.11.17"]
[EventRounds "9"]
[EventCountry "COL"]

1.e4 c5 2.Nf3 e6 3.d4 cxd4 4.Nxd4 a6 5.Nc3 b5 6.Bd3 d6 7.O-O Nf6 8.Qe2 Be7 9.Bd2
O-O 10.a4 b4 11.Na2 e5 12.Nf3 a5 13.c3 bxc3 14.Nxc3 Nbd7 15.Rfd1 Nc5 16.Be3 Nxd3
17.Qxd3 Ba6 18.Nb5 Rb8 19.Nh4 g6 [19...Bxb5 20.axb5 Nxe4 21.Nf5 Nc5 (21...Nf6
22.Nxe7+ Qxe7 23.Rxa5 d5 24.Ra7 Rb7 25.Bc5) 22.Bxc5 dxc5 23.Qg3] 20.Bh6 Re8
21.Nf5 Ng4 22.Qg3 Bxb5 23.axb5 Nxh6 24.Nxh6+ Kg7 25.Nf5+ Kf8 26.Nxe7 Rxe7 27.Rd5
Kg7 28.Rad1 Qe8 29.Rxd6 Rxb5 30.h4?! [30.h3!?] 30...Re6 31.Rd8 Qe7 32.Ra8 Rd6
33.Rxd6 Qxd6 34.Qa3 Rb4? 35.Rxa5 Qd1+ 36.Kh2 Rxe4 37.Qg3 Qd4 38.Ra1 Rxh4+ 39.Kg1
Qxb2 40.Re1 Re4 41.Rd1 Qe2 42.Rd5 Qe1+ 43.Kh2 Rf4 44.Qg5 Rf5 45.Qe3 Qxe3 46.fxe3
Kf6 47.Kg3 h5 48.Ra5 Rg5+ 49.Kf2 Kf5 50.Ra7 f6 51.Kf3 Rg4 52.Rb7 Ra4 53.Rb3 h4
54.Rc3 g5 55.Kf2 Ra2+ 56.Kg1 Kg4

[Event "CAMPEONATO PANAMERICANO-CONTINENTAL ABSOLUTO 2010"
[Site "Cali, Departamento del Valle del Cauca"]
[Date "2010.11.17"]
[Round "1"]
[Board "1"]
[White "Llacsahuanga, Diego"]
[Black "Sanabria Rangel, Sergio Andres"]
[Result "0-1"]
[WhiteElo "2065"]
[BlackElo "2335"]
[PlyCount "66"]
[EventDate "2010.11.17"]
[EventRounds "9"]
[EventCountry "COL"]

1.Nf3 Nf6 2.c4 g6 3.Nc3 Bg7 4.e4 O-O 5.d4 d6 6.Be2 e5 7.dxe5 dxe5 8.Qxd8 Rxd8
9.Nd5 Nxd5 10.cxd5 c6 11.Bc4 b5 12.Bb3 Bb7 13.Bg5 Rd7 14.O-O-O cxd5 15.Bxd5 Bxd5
16.Rxd5 Rxd5 17.exd5 Nd7 18.Kb1 f6 19.Be3 Nb6 20.Bxb6 axb6 21.Rd1 Kf7 22.Ne1 Bf8
23.Nc2 Bc5 24.f3 b4 25.h3 Ke7 26.a3 bxa3 27.b4 a2+ 28.Kb2 a1=Q+ 29.Rxa1 Rxa1
30.Kxa1 Bf2 31.Kb2 Kd6 32.Kc3 Kxd5 33.g4 f5

[Event "CAMPEONATO PANAMERICANO-CONTINENTAL ABSOLUTO 2010"
[Site "Cali, Departamento del Valle del Cauca"]
[Date "2010.11.17"]
[Round "1"]
[Board "1"]
[White "Panesso Rivera, Henry"]
[Black "Acosta, Mariano"]
[Result "1-0"]
[WhiteElo "2333"]
[BlackElo "2060"]
[PlyCount "49"]
[EventDate "2010.11.17"]
[EventRounds "9"]
[EventCountry "COL"]

1.d4 Nf6 2.c4 e5 3.dxe5 Ng4 4.Bf4 Nc6 5.Nf3 Bb4+ 6.Nc3 Qe7 7.Qd5 f6 8.exf6 Bxc3+
9.bxc3 Nxf6 10.Qd3 d6 11.g3 Ne5 12.Nxe5 dxe5 13.Bg5 Be6 14.Bg2 Rd8 15.Qe3 Ng4
16.Bxe7 Nxe3 17.Bxd8 Nxg2+ 18.Kf1 Bh3 19.Bxc7 Ne3+ 20.Ke1 Nxc4 21.Rd1 Ke7 22.f4
Rc8 23.Bxe5 Nxe5 24.fxe5 Rxc3 25.Kd2

[Event "CAMPEONATO PANAMERICANO-CONTINENTAL ABSOLUTO 2010"
[Site "Cali, Departamento del Valle del Cauca"]
[Date "2010.11.17"]
[Round "1"]
[Board "1"]
[White "Ostos, Julio"]
[Black "Cadena, Gustavo Adolfo"]
[Result "0-1"]
[WhiteElo "2325"]
[BlackElo "2051"]
[PlyCount "56"]
[EventDate "2010.11.17"]
[EventRounds "9"]
[EventCountry "COL"]

1.e4 c5 2.Nf3 d6 3.Nc3 Nf6 4.e5 dxe5 5.Nxe5 e6 6.Bb5+ Nbd7 7.d4 a6 8.Bxd7+ Nxd7
9.Nxd7 Bxd7 10.d5 Qc7 11.Qf3 Bd6 12.Bd2 O-O 13.O-O-O b5 14.dxe6 fxe6 15.Qe2 b4
16.Ne4 Bb5 17.Qg4 Be5 18.Be3 Kh8 19.Nxc5 Rac8 20.Rd2 Rf4 21.Qxe6 Rc4 22.Rhd1 Bf6
23.Kb1 Rxc5 24.Bxc5 Qxc5 25.f4 Bc4 26.Qh3 Bg8 27.g4 Qa5 28.b3 Bc3

[Event "CAMPEONATO PANAMERICANO-CONTINENTAL ABSOLUTO 2010"
[Site "Cali, Departamento del Valle del Cauca"]
[Date "2010.11.17"]
[Round "1"]
[Board "1"]
[White "Vacca, Leonardo"]
[Black "Zuluaga, Cesar"]
[Result "0-1"]
[WhiteElo "2043"]
[BlackElo "2316"]
[PlyCount "52"]
[EventDate "2010.11.17"]
[EventRounds "9"]
[EventCountry "COL"]

1.e4 c5 2.Nf3 e6 3.d4 cxd4 4.Nxd4 a6 5.g3 Nf6 6.Bg2 Qc7 7.O-O d6 8.a4 Be7 9.Nc3
Bd7 10.Nb3 Nc6 11.Qe2 Rc8 12.g4 h6 13.h3 Nb4 14.f4 e5 15.Be3 Be6 16.Rf2 O-O
17.Kh1 Bc4 18.Qf3 d5 19.fxe5 Nxe4 20.Nxe4 dxe4 21.Qxe4 Bd5 22.Qf5 Be6 23.Qh5
Nxc2 24.Bxh6 g6 25.Rg1 gxh5 26.gxh5 Kh8

[Event "CAMPEONATO PANAMERICANO-CONTINENTAL ABSOLUTO 2010"
[Site "Cali, Departamento del Valle del Cauca"]
[Date "2010.11.17"]
[Round "1"]
[Board "1"]
[White "Morales, Jhon Alexander"]
[Black "Guelgua, Alvaro"]
[Result "1-0"]
[WhiteElo "2309"]
[BlackElo "2039"]
[PlyCount "29"]
[EventDate "2010.11.17"]
[EventRounds "9"]
[EventCountry "COL"]

1.e4 e6 2.d4 d5 3.Nc3 Bb4 4.e5 c5 5.a3 Bxc3+ 6.bxc3 Qa5 7.Bd2 Qa4 8.Nf3 Nc6 9.h4
cxd4 10.h5 f6 11.cxd4 fxe5 12.dxe5 Qe4+ 13.Be2 Nxe5 14.Bc3 Nf7 15.Rh4

[Event "CAMPEONATO PANAMERICANO-CONTINENTAL ABSOLUTO 2010"
[Site "Cali, Departamento del Valle del Cauca"]
[Date "2010.11.17"]
[Round "1"]
[Board "1"]
[White "Tobar, Juan Carlos"]
[Black "Vittorino, Carlo Giovanni"]
[Result "0-1"]
[WhiteElo "2016"]
[BlackElo "2305"]
[PlyCount "80"]
[EventDate "2010.11.17"]
[EventRounds "9"]
[EventCountry "COL"]

1.g3 e5 2.Bg2 Nc6 3.d3 d5 4.Nc3 Bb4 5.Bd2 Nf6 6.e4 Bg4 7.f3 Be6 8.Nge2 Qd7 9.a3
Be7 10.Bg5 d4 11.Nb1 O-O-O 12.Bxf6 Bxf6 13.O-O Be7 14.Nd2 g5 15.b4 h5 16.Rf2 a6
17.Qb1 f6 18.b5 axb5 19.Qxb5 h4 20.Rb1 b6 21.Nc4 Nb8 22.a4 Qxb5 23.axb5 hxg3
24.hxg3 Bxc4 25.dxc4 Bc5 26.Nc1 d3 27.Nxd3 Bxf2+ 28.Kxf2 Rd4 29.Rb4 Nd7 30.Ra4
Kb7 31.Ke3 Rh2 32.Bf1 Rxc2 33.Ra3 Rdxc4 34.Be2 Nc5 35.Nxc5+ Rxc5 36.Bd3 R2c3
37.Ra2 Rxb5 38.Kd2 Rbb3 39.Ba6+ Kb8 40.Be2 Rxf3

[Event "CAMPEONATO PANAMERICANO-CONTINENTAL ABSOLUTO 2010"
[Site "Cali, Departamento del Valle del Cauca"]
[Date "2010.11.17"]
[Round "1"]
[Board "1"]
[White "Sanchez, Victor Hugo"]
[Black "Fernandez, Jaime"]
[Result "0-1"]
[WhiteElo "2293"]
[BlackElo "2015"]
[PlyCount "88"]
[EventDate "2010.11.17"]
[EventRounds "9"]
[EventCountry "COL"]

1.e4 e5 2.Nf3 Nc6 3.d4 exd4 4.Nxd4 Bc5 5.Nxc6 Qf6 6.Qd2 bxc6 7.Bd3 Ne7 8.O-O d5
9.Nc3 O-O 10.Qf4 Qxf4 11.Bxf4 Bb6 12.Rfe1 Be6 13.Na4 d4 14.Bd2 c5 15.b3 Nc6
16.f4 Nb4 17.Nb2 Rfe8 18.f5 Bd7 19.Nc4 f6 20.g4 Re7 21.Kf2 Nxd3+ 22.cxd3 Bb5
23.Rec1 c6 24.Bf4 g6 25.h4 Bc7 26.Bxc7 Rxc7 27.a4 Ba6 28.Ke2 gxf5 29.gxf5 Rg7
30.Kf3 Rb8 31.Na5 Bxd3 32.Rxc5 Re8 33.Re1 Rge7 34.e5 Rxe5 35.Rexe5 fxe5 36.Nxc6
e4+ 37.Kf4 e3 38.Ne5 Bf1 39.f6 Rxe5 40.Rxe5 e2 41.Kf5 d3 42.Ke6 Kf8 43.f7 d2
44.Kf6 e1=Q

[Event "CAMPEONATO PANAMERICANO-CONTINENTAL ABSOLUTO 2010"
[Site "Cali, Departamento del Valle del Cauca"]
[Date "2010.11.17"]
[Round "1"]
[Board "1"]
[White "Ospina Loaiza, Jhonny"]
[Black "Guerrero, Juan Carlos"]
[Result "0-1"]
[WhiteElo "2002"]
[BlackElo "2254"]
[PlyCount "66"]
[EventDate "2010.11.17"]
[EventRounds "9"]
[EventCountry "COL"]

1.e4 c5 2.Nf3 d6 3.d4 cxd4 4.Nxd4 Nf6 5.Nc3 g6 6.Be3 Bg7 7.Bc4 Nc6 8.Qd2 O-O
9.f3 Bd7 10.O-O-O Rc8 11.Bb3 Ne5 12.g4 b5 13.h4 b4 14.Nb1 a5 15.c3 bxc3 16.Nxc3
Nxf3 17.Nxf3 Nxe4 18.Qe1 Nxc3 19.bxc3 Bxc3 20.Qe2 a4 21.Bc2 Bxg4 22.Rhg1 Be6
23.Ng5 Bc4 24.Qf3 Qa5 25.Bd4 Bxd4 26.Rxd4 Qc5 27.Rdg4 Bb3 28.Kd2 Qa5+ 29.Ke3
Rxc2 30.Ne4 Bd5 31.Qd1 Bxe4 32.Rxe4 Qc5+ 33.Kf3 Qf2+

[Event "CAMPEONATO PANAMERICANO-CONTINENTAL ABSOLUTO 2010"
[Site "Cali, Departamento del Valle del Cauca"]
[Date "2010.11.17"]
[Round "1"]
[Board "1"]
[White "Garavito, Miguel Angel"]
[Black "Lopez Idarraga, Daniel Eduardo"]
[Result "1-0"]
[WhiteElo "2253"]
[BlackElo "1997"]
[PlyCount "81"]
[EventDate "2010.11.17"]
[EventRounds "9"]
[EventCountry "COL"]

1.d4 Nf6 2.Nf3 g6 3.g3 Bg7 4.Bg2 O-O 5.O-O c5 6.c4 cxd4 7.Nxd4 Nc6 8.Nc3 d6 9.h3
Bd7 10.Be3 Qc8 11.Nxc6 bxc6 12.Kh2 Qa6 13.Rc1 Rfe8 14.b3 Qa5 15.c5 d5 16.Qd2 e5
17.Nxd5 Qxd2 18.Nxf6+ Bxf6 19.Bxd2 Red8 20.Ba5 Rdc8 21.Rfd1 Be8 22.e3 Rab8
23.Bf1 Bd8 24.Bc3 Bc7 25.Bc4 a5 26.Kg2 Kf8 27.f4 exf4 28.exf4 h5 29.Bf6 Bd8
30.Be5 Ra8 31.Bd6+ Kg7 32.Be5+ Kf8 33.a4 h4 34.g4 f6 35.Bd6+ Kg7 36.Be6 Bf7
37.Bxc8 Rxc8 38.Rb1 Ra8 39.b4 Bc4 40.b5 Ra7 41.Bb8

[Event "CAMPEONATO PANAMERICANO-CONTINENTAL ABSOLUTO 2010"
[Site "Cali, Departamento del Valle del Cauca"]
[Date "2010.11.17"]
[Round "1"]
[Board "1"]
[White "Gomez, Samael"]
[Black "Chirivi C, Jenny Astrid"]
[Result "0-1"]
[WhiteElo "1994"]
[BlackElo "2244"]
[PlyCount "82"]
[EventDate "2010.11.17"]
[EventRounds "9"]
[EventCountry "COL"]

1.d4 d5 2.c4 c6 3.Nf3 e6 4.Qc2 Nf6 5.g3 Bd6 6.Bg2 Nbd7 7.O-O Qe7 8.Nc3 O-O 9.e4
dxe4 10.Nxe4 Nxe4 11.Qxe4 e5 12.dxe5 Nxe5 13.b3 Qf6 14.Bf4 Nxf3+ 15.Qxf3 Bxf4
16.Qxf4 Qxf4 17.gxf4 Bf5 18.b4 Rad8 19.Rfd1 Bg4 20.Rxd8 Rxd8 21.b5 cxb5 22.cxb5
b6 23.h3 Rd1+ 24.Rxd1 Bxd1 25.Kf1 Ba4 26.Bc6 Kf8 27.Ke2 Ke7 28.Kd3 Kd6 29.Kd4 f6
30.h4 h6 31.Kc4 Bd1 32.Be4 Be2+ 33.Kb4 Ke6 34.a4 Kd6 35.Bc6 a5+ 36.Kb3 Bd1+
37.Kc4 Bxa4 38.Be4 Bd1 39.Bd3 a4 40.Kd4 a3 41.Bc4 Be2

[Event "CAMPEONATO PANAMERICANO-CONTINENTAL ABSOLUTO 2010"
[Site "Cali, Departamento del Valle del Cauca"]
[Date "2010.11.17"]
[Round "1"]
[Board "1"]
[White "Uribe Arteaga, Daniel"]
[Black "Suasnabar, Jesus"]
[Result "0-1"]
[WhiteElo "2220"]
[BlackElo "1967"]
[PlyCount "62"]
[EventDate "2010.11.17"]
[EventRounds "9"]
[EventCountry "COL"]

1.e4 c5 2.c3 d5 3.exd5 Qxd5 4.d4 cxd4 5.cxd4 Nc6 6.Nf3 e5 7.Nc3 Bb4 8.Bd2 Bxc3
9.Bxc3 e4 10.Ne5 Nxe5 11.dxe5 Ne7 12.Qa4+ Bd7 13.Qb4 a5 14.Qd6 Qxd6 15.exd6 Nd5
16.Bxg7 Rg8 17.Bd4 Nb4 18.Kd2 Rc8 19.Re1 f5 20.Rc1 Rxc1 21.Kxc1 Nxa2+ 22.Kd2 Rg6
23.Be5 Nb4 24.Be2 Rxg2 25.Bg3 Bc6 26.Ke1 e3 27.f3 f4 28.d7+ Kxd7 29.Kf1 Rxe2
30.Kxe2 Bb5+ 31.Kd1 fxg3